=LDR 00000nam 2200000 4500 =001 INLIS000000000035383 =005 20130612141238 =008 ***********************************ind** =035 ##$$0010-061300000035383 =041 ##$$a ind =082 ##$$a 551.46 =090 ##$$a 551.46, Suk m =245 ##$$a Mari Kembali Kelaut, Mengenal Potensi bahari yang tak habis Terkuras, Sukandarrumidi;editor,Bert Tallulembang;Alfred B. Jogo Ena =260 ##$$a 2009 $b Yogyakarta =300 ##$$a 199 Hlm, 23 cm =650 ##$$a Laut - Kehidupan =850 ##$$a NBPNMAT